Leyenda perjudicial: la supuesta inferioridad de los españoles

Gardado en:
Detalles Bibliográficos
Autor Principal: Bardina, Juan (Author)
Formato: Libro
Idioma:Lingua castelá
Publicado: Santiago Audax 1918
Subjects:
Tags: Engadir etiqueta
Sen Etiquetas, Sexa o primeiro en etiquetar este rexistro!

MARC

LEADER 00000cam a2200000 a 4500
001 UCH2986
003 CL-VaPUC
008 090709e19180000CL |||||||||||||||||spa|d
082 0 4 |a 863  |b BAR  |2 21 
100 0 |a Bardina, Juan  |e author  |9 538070 
245 1 0 |a Leyenda perjudicial: la supuesta inferioridad de los españoles 
300 |a 203 p 
942 |c BK 
945 |d 20090709 00:00:00  |a rbrito 
260 |a Santiago  |b Audax  |c 1918 
650 7 |a PROSA ESPAÑOLA  |2 CL-VaPUC  |9 321304 
583 |a last modification  |c 20150407 01:06:16  |k Rodrigo Vera 
999 |c 334643  |d 334641 
952 |0 0  |1 0  |4 0  |6 863_000000000000000_BAR_1918  |7 0  |8 X  |9 423762  |a FDOBUD  |b FDOBUD  |d 2019-11-22  |i 4566432  |o 863 BAR 1918  |p 4566432  |r 2019-11-22  |w 2019-11-22  |y BK_X  |k BUD 
952 |0 0  |1 0  |3 erb  |4 0  |6 863_000000000000000_BAR_1918  |7 0  |8 X  |9 423763  |a FDOBUD  |b FDOBUD  |i 5158168  |o 863 BAR 1918  |p 5158168  |r 2019-11-22  |w 2019-11-22  |y BK_X  |z Catalogado en:20150409  |k BUD